Normal view
MARC view
Entry Topical Term
001 - CONTROL NUMBER
- control field: 15167
003 - CONTROL NUMBER IDENTIFIER
- control field: ARRUPE
005 - DATE AND TIME OF LATEST TRANSACTION
- control field: 20150217120604.0
008 - FIXED-LENGTH DATA ELEMENTS
- fixed length control field: 150217|| aca||aabn | a|a d
040 ## - CATALOGING SOURCE
- Original cataloging agency: ARRUPE
- Transcribing agency: ARRUPE
150 ## - HEADING--TOPICAL TERM
- Topical term or geographic name as entry element: Zimbabweans
- Geographic subdivision: Foreign countries.
670 ## - SOURCE DATA FOUND
- Source citation: Work cat.: (ARRUPE)0: Mathema, Cain, 1947- 15166, Zimbabwean emigrants :, 2009.